000 00711nam a2200265Ia 4500
003 OSt
005 20220918165624.0
006 a|||||r|||| 00| 0
007 ta
008 220917b |||||||| |||| 00| 0 eng d
020 _a8170131383
024 _a10,446
037 _cTextual
040 _aARTS
_cARTS
_beng
041 _2eng
_aeng
082 _aV2:51.N5, N5
100 _aMadhava K G
_924975
245 0 _aHistory of the freedom development in India 1857-1947
260 _aNew Delhi
_bNavrany
_c1995
300 _a237p
_ccm.
500 _aBib 209-25p); App 179-208p); Index
650 _aHISTORY
942 _hV2:51.N5, N5
_cTEXL
_2CC
999 _c130555
_d130555